Statistics for The Dictator Files: Kim Jong-un

Click here to take the quiz!

General Stats

  • This quiz has been taken 148 times
  • The average score is 12 of 20

Answer Stats

HintAnswer% Correct
His father, who he succeeded as leader of North KoreaKim {Jong}-{il}
93%
His grandfather, who was the country's founderKim {Il}-{sung}
90%
City where he was bornPyongyang
89%
U.S. President he met at a summit meetingDonald Trump
87%
First country he visited since assuming office as leaderChina
82%
Both leaders signed a document meant to bring this war to an official formal end{Korean} War
76%
North Korea is one of eight countries acknowledged to have access to theseNuclear weapons
75%
Basketball player who Kim met in 2013Dennis Rodman
67%
Reportedly attended private school in this countrySwitzerland
63%
In April 2020, he was reported to be in grave danger after undergoing this{Heart} surgery
60%
Russian city where he met Vladimir PutinVladivostok
54%
Country where that meeting took placeSingapore
52%
Leader of South Korea, who Kim met in 2018Moon Jae-in
50%
His half-brother, who was assassinated in MalaysiaKim {Jong}-{nam}
45%
Both leaders met again in this country, but failed to reach an agreementVietnam
41%
James Franco movie about journalists attempting to assassinate himThe Interview
39%
His political party{Workers'} {Party} of Korea
34%
NBA team he admired growing upChicago Bulls
33%
Name of his wifeRi Sol-ju
16%
Name of his military rank (starts with W)Wonsu
6%

Score Distribution

Percentile by Number Answered

Percent of People with Each Score

Your Score History

You have not taken this quiz